| 000 | 01345cam a22003734i 4500 | ||
|---|---|---|---|
| 003 | PE-LiUPU | ||
| 005 | 20250731183357.0 | ||
| 008 | 150617s r 000 0 d | ||
| 020 | _a8434210703 | ||
| 035 | _a(Sirsi) i9788434210707 | ||
| 040 |
_aPE-LiUPU _bspa _cPE-LiUPU _erda |
||
| 049 | _aPRUA | ||
| 082 | 0 | 4 |
_a741.22 _bP259c _223 |
| 100 | 1 |
_aParramón, José M., _eautor. |
|
| 245 | 1 | 0 |
_aCómo dibujar al carbón, sanguina y cretas / _cJosé M. Parramón. |
| 264 | 1 |
_aBarcelona : _bParramón Ediciones, _c1990. |
|
| 300 |
_a110 páginas ; _c26 centímetros |
||
| 336 |
_atext _2rdacontent |
||
| 337 |
_aunmediated _2rdamedia |
||
| 338 |
_avolume _2rdacarrier |
||
| 505 | 0 | _aLos materiales -- Técnica y práctica del dibujo al carboncillo -- Técnica y práctica del lápiz carbón y sus derivados -- El dibujo a la sanguina -- Carbón, sanguina y cretas. Práctica de la técnica mixta. | |
| 526 | _aP158 | ||
| 526 | _aP146 | ||
| 526 | _aP17 | ||
| 526 | _aP12 | ||
| 526 | _aP06 | ||
| 650 | 0 | 4 | _aDibujo a la sanguina. |
| 650 | 0 | 4 | _aDibujo al carbón. |
| 910 | _ajck | ||
| 942 |
_2ddc _cBK _n0 |
||
| 949 |
_a741.22 P259c _wDEWEY _c1 _i34083 _lCCODEBUL1 _mBUL _r0 _sY _tBOOK _u2015-6-17 _xINGENIERIA _zUNKNOWN _0COMPRA _o.STAFF. Colección General |
||
| 999 |
_c19896 _d19896 |
||
| 980 |
_81 _gALBERTO SANCHEZ Responsable de Automatización |
||